Information and knowledge society.
| Main Author: | |
|---|---|
| Other Authors: | |
| Format: | Book |
| Published: |
Singapore:
McGraw Hill Education (Asia),
[200-].
|
| Subjects: |
| LEADER | 00506cam a2200169 7i4500 | ||
|---|---|---|---|
| 001 | 0000010265 | ||
| 005 | 20011128090000.0 | ||
| 020 | 0 | 0 | |a 0071202382 |
| 090 | 0 | 0 | |a B 658.4 |b SUL |
| 100 | 1 | 0 | |a Sulaiman Al-Hawamdeh |
| 245 | 1 | 0 | |a Information and knowledge society. |
| 260 | 0 | 0 | |a Singapore: |b McGraw Hill Education (Asia), |c [200-]. |
| 300 | # | # | |a 235 p. |
| 650 | 0 | 0 | |a Management information systems |
| 650 | 0 | 0 | |a Knowledge management |
| 700 | 1 | 1 | |a Hart, |h Thomas L. |
| 999 | |a 0000012837 |b Book |c Book |e Business Information Centre | ||


